[Event "SRB Central-ch op-B 7th"]
[Site "Paracin"]
[Date "2014.07.11"]
[Round "9"]
[White "Thomassen, Thomas"]
[Black "Stanojevic, Ilija"]
[Result "0-1"]
[WhiteElo "2050"]
[BlackElo "1861"]
[PlyCount "188"]
[EventDate "2014.07.04"]
[EventType "swiss"]
[EventRounds "9"]
[EventCountry "SRB"]
[SourceTitle "CBM 161 Extra"]
[Source "ChessBase"]
[SourceDate "2014.08.29"]
[SourceVersion "1"]
[SourceVersionDate "2014.08.29"]
[SourceQuality "1"]

1. c4 c5 2. g3 g6 3. Bg2 Nc6 4. Nc3 d6 5. Nf3 Nf6 6. 0-0 Bg7 7. d4 cxd4 8. Nxd4 Bd7 9. Nb3 Qc8 10. c5 dxc5 11. Nxc5 Bh3 12. Nd3 Bxg2 13. Kxg2 0-0 14. Qa4 a6 15. Qh4 Rd8 16. Bh6 Bh8 17. Rac1 Qf5 18. Qf4 Qa5 19. Qg5 Nd5 20. b4 Ncxb4 21. Nxb4 Qxb4 22. Nxd5 Qe4+ 23. f3 Qxd5 24. Qxd5 Rxd5 25. Rc7 Bg7 26. Bxg7 Kxg7 27. Rxe7 b5 28. Rc1 Rd2 29. Rcc7 Rf8 30. a3 Ra2 31. Re3 Ra8 32. Ree7 Rf8 33. Re3 Ra8 34. Rb7 Ra1 35. h4 Ra2 36. Kf2 Ra1 37. g4 Rd8 38. Ra7 Rb8 39. Ree7 Rf8 40. Re3 Rb8 41. Rxa6 b4 42. Rb3 Rb7 43. Ra4 Rb8 44. g5 Rb7 45. Ra8 Rb6 46. a4 Ra3 47. a5 Rb5 48. Rb2 b3 49. a6 Ra2 50. Rb1 b2 51. a7 Rba5 52. Rb8 Rxa7 53. R1xb2 Rxb2 54. Rxb2 h6 55. Kg3 hxg5 56. hxg5 Re7 57. e4 Ra7 58. Rb6 Rc7 59. Kf4 Re7 60. Ke3 Rd7 61. Rc6 Ra7 62. Rd6 Ra3+ 63. Rd3 Ra7 64. e5 Rb7 65. Ke4 Ra7 66. f4 Ra4+ 67. Rd4 Ra7 68. Kd5 Ra5+ 69. Kd6 Ra6+ 70. Kd5 Ra5+ 71. Ke4 Ra7 72. Rc4 Rd7 73. f5 gxf5+ 74. Kxf5 Ra7 75. Rc6 Ra5 76. g6 fxg6+ 77. Rxg6+ Kf7 78. Rf6+ Ke7 79. Rh6 Ra1 80. Rh7+ Ke8 81. Kf6 Rf1+ 82. Ke6 Kd8 83. Rh8+ Kc7 84. Ke7 Rf5 85. e6 Rf2 86. Rh4 Rc2 87. Rd4 Rc1 88. Ke8 Rc2 89. Rd7+ Kc8 90. Rf7 Rh2 91. Rf8 Rh7 92. Rf7 Rh8+ 93. Ke7 Kc7 94. Kf6+ Kd8 0-1

[Event "SRB Central-ch op-B 7th"]
[Site "Paracin"]
[Date "2014.07.08"]
[Round "6"]
[White "Ratkovic, Petar"]
[Black "Thomassen, Thomas"]
[Result "0-1"]
[WhiteElo "1800"]
[BlackElo "2050"]
[PlyCount "64"]
[EventDate "2014.07.04"]
[EventType "swiss"]
[EventRounds "9"]
[EventCountry "SRB"]
[SourceTitle "CBM 161 Extra"]
[Source "ChessBase"]
[SourceDate "2014.08.29"]
[SourceVersion "1"]
[SourceVersionDate "2014.08.29"]
[SourceQuality "1"]

1. d4 Nf6 2. Nf3 g6 3. Nc3 d5 4. Bf4 Bg7 5. e3 0-0 6. Be2 c5 7. 0-0 cxd4 8. exd4 Nc6 9. Ne5 Qb6 10. Nxc6 Qxc6 11. Be5 Bf5 12. Bd3 Bxd3 13. Qxd3 Rac8 14. Rfe1 e6 15. Rac1 a6 16. Ne2 b5 17. c3 Qb6 18. Qg3 Ne4 19. Qf3 Bxe5 20. dxe5 f6 21. exf6 Rxf6 22. Qe3 Qxe3 23. fxe3 Rcf8 24. Nd4 Rf2 25. Nxe6 R8f6 26. Nf4 Rxb2 27. a4 bxa4 28. c4 a3 29. cxd5 a2 30. Ra1 Rfb6 31. Nd3 Rd2 32. Nc1 Rbb2 0-1

[Event "San Sebastian op 37th"]
[Site "San Sebastian"]
[Date "2014.04.15"]
[Round "5"]
[White "Thomassen, Thomas"]
[Black "Prosviriakov, Vladimir"]
[Result "0-1"]
[WhiteElo "2062"]
[BlackElo "2282"]
[PlyCount "100"]
[EventDate "2014.04.12"]
[EventType "swiss"]
[EventRounds "9"]
[EventCountry "ESP"]
[SourceTitle "CBM 159 Extra"]
[Source "ChessBase"]
[SourceDate "2014.04.24"]
[SourceVersion "1"]
[SourceVersionDate "2014.04.24"]
[SourceQuality "1"]

1. c4 e5 2. g3 d6 3. Bg2 f5 4. Nc3 Nf6 5. e3 Be7 6. Nge2 0-0 7. 0-0 Qe8 8. Nd5 Bd8 9. Nxf6+ Bxf6 10. d4 a5 11. Bd2 Nc6 12. Bc3 Kh8 13. Qd2 Qh5 14. f4 e4 15. a3 a4 16. d5 Bxc3 17. Nxc3 Na5 18. Qc2 Nxc4 19. Rfe1 Nb6 20. Rad1 Ra5 21. Rd4 Rc5 22. Bf1 Bd7 23. Be2 Qf7 24. Red1 Ra8 25. Qd2 h5 26. h3 Raa5 27. Kh2 g6 28. g4 Ra8 29. gxh5 gxh5 30. Rg1 Rg8 31. Rxg8+ Kxg8 32. Qd1 Be8 33. Qg1+ Kf8 34. Qf2 Ke7 35. Rd1 Qf6 36. Rd4 Bf7 37. Bd1 Ra5 38. Qd2 Ra8 39. Qf2 Rg8 40. Bxa4 Nxa4 41. Nxa4 h4 42. Nc3 Bh5 43. Rd2 Bf3 44. Qf1 Qg6 45. Qf2 Qg3+ 46. Qxg3 hxg3+ 47. Kg1 Rh8 48. Ne2 Rxh3 49. Kf1 Rh2 50. a4 g2+ 0-1

[Event "San Sebastian op 37th"]
[Site "San Sebastian"]
[Date "2014.04.13"]
[Round "2"]
[White "Franco Alonso, Alejandro"]
[Black "Thomassen, Thomas"]
[Result "1-0"]
[WhiteElo "2508"]
[BlackElo "2062"]
[PlyCount "33"]
[EventDate "2014.04.12"]
[EventType "swiss"]
[EventRounds "9"]
[EventCountry "ESP"]
[SourceTitle "CBM 159 Extra"]
[Source "ChessBase"]
[SourceDate "2014.04.24"]
[SourceVersion "1"]
[SourceVersionDate "2014.04.24"]
[SourceQuality "1"]

1. Nf3 Nf6 2. c4 g6 3. Nc3 Bg7 4. e4 d6 5. d4 0-0 6. h3 Na6 7. Bg5 h6 8. Be3 e5 9. d5 Nc5 10. Nd2 a5 11. a3 Bd7 12. b4 axb4 13. axb4 Rxa1 14. Qxa1 Na6 15. Qa3 Qe7 16. c5 Nb8 17. Qa7 1-0

[Event "San Sebastian op 34th"]
[Site "San Sebastian"]
[Date "2011.04.21"]
[Round "7"]
[White "Prieto Aranguren, Alain"]
[Black "Thomassen, Thomas"]
[Result "1-0"]
[WhiteElo "2219"]
[BlackElo "2049"]
[PlyCount "75"]
[EventDate "2011.04.16"]
[EventType "swiss"]
[EventRounds "9"]
[EventCountry "ESP"]
[SourceTitle "CBM 141 Extra"]
[Source "ChessBase"]
[SourceDate "2011.05.03"]
[SourceVersion "1"]
[SourceVersionDate "2011.05.03"]
[SourceQuality "1"]

1. d4 Nf6 2. c4 g6 3. Nf3 Bg7 4. e4 d6 5. Be2 Na6 6. Nc3 0-0 7. Bg5 h6 8. Bh4 g5 9. Bg3 Nh5 10. h4 Nxg3 11. fxg3 g4 12. Nh2 h5 13. 0-0 e5 14. d5 Bh6 15. Bd3 Qe7 16. Qe2 Nc5 17. Bc2 a5 18. Rf2 Bd7 19. Nf1 f6 20. Ne3 Bxe3 21. Qxe3 Qh7 22. Raf1 Qg6 23. b3 Kg7 24. a3 a4 25. b4 Nb3 26. Ne2 c5 27. dxc6 Bxc6 28. Nc3 Nd4 29. Bd3 Rf7 30. Nd5 Bxd5 31. exd5 f5 32. c5 Qh6 33. Qxh6+ Kxh6 34. Bxf5 dxc5 35. bxc5 Ra5 36. Be4 Rxf2 37. Rxf2 Rxc5 38. Rf7 1-0

[Event "London Classic op"]
[Site "London"]
[Date "2010.12.13"]
[Round "7"]
[White "Thomassen, Thomas"]
[Black "Tate, Alan"]
[Result "0-1"]
[WhiteElo "2033"]
[BlackElo "2234"]
[PlyCount "72"]
[EventDate "2010.12.08"]
[EventType "swiss"]
[EventRounds "9"]
[EventCountry "ENG"]
[SourceTitle "CBM 139 Extra"]
[Source "ChessBase"]
[SourceDate "2011.01.05"]
[SourceVersion "1"]
[SourceVersionDate "2011.01.05"]
[SourceQuality "1"]

1. c4 b6 2. d4 Bb7 3. Nc3 e6 4. a3 f5 5. d5 Nf6 6. g3 a5 7. Bg2 Na6 8. Nf3 Bd6 9. 0-0 0-0 10. Re1 Nc5 11. Nb5 exd5 12. Nxd6 cxd6 13. Nd4 dxc4 14. Bxb7 Nxb7 15. Nxf5 Kh8 16. e4 Nc5 17. Nxd6 Nd3 18. Rf1 b5 19. Qe2 Qb6 20. e5 Ng4 21. Ne4 Ngxe5 22. Ng5 h6 23. Be3 Qg6 24. f4 Nc6 25. f5 Rxf5 26. Rxf5 Qxf5 27. Rf1 Qg6 28. Nf7+ Kh7 29. Qf3 Re8 30. Bd2 Nd4 31. Qd5 Ne2+ 32. Kg2 Nxg3 33. hxg3 Re2+ 34. Kh1 Rxd2 35. Qf3 Rxb2 36. g4 Qc6 0-1

[Event "London Classic op"]
[Site "London"]
[Date "2010.12.13"]
[Round "6"]
[White "White, Michael JR"]
[Black "Thomassen, Thomas"]
[Result "1/2-1/2"]
[WhiteElo "2247"]
[BlackElo "2033"]
[PlyCount "97"]
[EventDate "2010.12.08"]
[EventType "swiss"]
[EventRounds "9"]
[EventCountry "ENG"]
[SourceTitle "CBM 139 Extra"]
[Source "ChessBase"]
[SourceDate "2011.01.05"]
[SourceVersion "1"]
[SourceVersionDate "2011.01.05"]
[SourceQuality "1"]

1. e4 c5 2. Nf3 e6 3. d4 cxd4 4. Nxd4 Nc6 5. Nc3 Qc7 6. Be3 a6 7. Be2 Nf6 8. a3 Be7 9. f4 d6 10. 0-0 Nxd4 11. Qxd4 e5 12. Qd3 b5 13. f5 Bb7 14. g4 Rd8 15. Nd5 Nxd5 16. exd5 Rc8 17. c3 h6 18. Qe4 Bg5 19. Bf2 Bf4 20. a4 b4 21. c4 a5 22. h4 Qd8 23. Kg2 Qf6 24. Bd3 Qe7 25. Bb6 Kf8 26. Rh1 Ra8 27. Kf3 f6 28. Ke2 Qd7 29. b3 Kf7 30. Rag1 Qe7 31. Kd1 Ba6 32. Rg2 Rab8 33. Bf2 Bc8 34. Qe2 Bd7 35. Be4 Qd8 36. Rhg1 Qe8 37. Qa2 Qd8 38. Ke2 Qe7 39. Kf3 Qd8 40. Rd1 Qc8 41. Ba7 Rb7 42. Bg1 Rb8 43. Qf2 h5 44. Qc2 hxg4+ 45. Rxg4 Rb7 46. Be3 Bxe3 47. Kxe3 Qc5+ 48. Kf3 Kf8 49. Qf2 1/2-1/2

[Event "Sunningdale op"]
[Site "Sunningdale"]
[Date "2010.09.12"]
[Round "5"]
[White "Thomassen, Thomas"]
[Black "Tart, Peter K"]
[Result "0-1"]
[WhiteElo "2048"]
[BlackElo "1948"]
[PlyCount "102"]
[EventDate "2010.09.10"]
[EventType "swiss"]
[EventRounds "5"]
[EventCountry "ENG"]
[SourceTitle "CBM 138 Extra"]
[Source "ChessBase"]
[SourceDate "2010.10.29"]
[SourceVersion "1"]
[SourceVersionDate "2010.10.29"]
[SourceQuality "1"]

1. c4 b6 2. d4 e6 3. a3 Bb7 4. Nc3 f5 5. d5 Nf6 6. g3 Be7 7. Bg2 e5 8. Nf3 d6 9. 0-0 0-0 10. Qc2 Bc8 11. b4 a5 12. Rb1 Ne8 13. Nxe5 dxe5 14. d6 Ra6 15. dxe7 Qxe7 16. Nd5 Qf7 17. b5 Ra7 18. c5 Be6 19. Rd1 e4 20. Nf4 Nd7 21. cxb6 cxb6 22. Qc6 Ba2 23. Ra1 Rc7 24. Rxd7 Rxd7 25. Be3 Rd6 26. Qc3 Nf6 27. Bd4 Nd5 28. Nxd5 Bxd5 29. Qe3 Qe6 30. Rc1 Qd7 31. Bh3 Qxb5 32. Qf4 Qd7 33. Be5 Rc6 34. Rd1 Qe6 35. Bd4 Bb3 36. Re1 h6 37. Qe3 Qg6 38. Qxb3+ Kh8 39. e3 Rfc8 40. Qd5 Rf8 41. Bg2 Rd6 42. Qb7 Rc6 43. Rd1 Rf7 44. Qb8+ Kh7 45. Be5 Qe6 46. g4 Re7 47. Ba1 Qb3 48. Qd8 Qxa3 49. gxf5 Rc1 50. Bxg7 Rxg7 51. f6 Qa1 0-1

[Event "San Sebastian op 33rd"]
[Site "San Sebastian"]
[Date "2010.04.02"]
[Round "7"]
[White "Aguado Zabaleta, Felix"]
[Black "Thomassen, Thomas"]
[Result "1/2-1/2"]
[WhiteElo "1775"]
[BlackElo "2041"]
[PlyCount "78"]
[EventDate "2010.03.28"]
[EventType "swiss"]
[EventRounds "9"]
[EventCountry "ESP"]
[SourceTitle "CBM 135 Extra"]
[Source "ChessBase"]
[SourceDate "2010.05.04"]
[SourceVersion "1"]
[SourceVersionDate "2010.05.04"]
[SourceQuality "1"]

1. d4 Nf6 2. c4 g6 3. Nc3 Bg7 4. e4 d6 5. Nf3 0-0 6. Bg5 Nbd7 7. Bd3 c5 8. d5 h6 9. Bd2 Ng4 10. Rc1 Nge5 11. Nxe5 Nxe5 12. Be2 f5 13. f4 Ng4 14. h3 Nf6 15. e5 dxe5 16. fxe5 Ne4 17. Nxe4 fxe4 18. e6 Qd6 19. Qb3 b5 20. Qe3 bxc4 21. Bxc4 Bxb2 22. Rc2 Bd4 23. Qxe4 Qg3+ 24. Kd1 Rb8 25. Bd3 Kg7 26. h4 h5 27. Bg5 Rf5 28. Qe2 Rxd5 29. Qe4 Rf5 30. Qe2 Re5 31. Qd2 Rxe6 32. Rf1 Rb1+ 33. Rc1 Rb2 34. Bh6+ Kh7 35. Rf7+ Kh8 36. Rf8+ Kh7 37. Rf7+ Kh8 38. Rf8+ Kh7 39. Rf7+ Kh8 1/2-1/2

[Event "Calvia op 4th"]
[Site "Calvia"]
[Date "2007.10.18"]
[Round "4"]
[White "Teran Alvarez, Ismael"]
[Black "Thomassen, Thomas"]
[Result "1-0"]
[WhiteElo "2402"]
[BlackElo "2041"]
[PlyCount "59"]
[EventDate "2007.10.15"]
[EventType "swiss"]
[EventRounds "9"]
[EventCountry "ESP"]
[SourceTitle "CBM 120 Extra"]
[Source "ChessBase"]
[SourceDate "2007.11.01"]
[SourceVersion "1"]
[SourceVersionDate "2007.11.01"]
[SourceQuality "1"]

1. e4 c6 2. d4 d5 3. Nd2 dxe4 4. Nxe4 Nd7 5. Ng5 Ngf6 6. Bd3 e6 7. Qe2 Bd6 8. N1f3 h6 9. Ne4 Nxe4 10. Qxe4 Qc7 11. Qg4 Kf8 12. 0-0 c5 13. dxc5 Nxc5 14. Be3 b6 15. Rfe1 Bb7 16. Bd4 Rg8 17. Bh7 h5 18. Qxh5 Rh8 19. Ng5 Bf4 20. Be5 Bxe5 21. Rxe5 Qe7 22. Rae1 Re8 23. R5e3 f6 24. Nxe6+ Nxe6 25. Qg4 Bc8 26. Bf5 Qd6 27. h3 g5 28. Bxe6 Rh4 29. Qe2 Bb7 30. Bg4 1-0

[Event "Politiken Cup 29th"]
[Site "Copenhagen"]
[Date "2007.07.23"]
[Round "4"]
[White "Jorgensen, Dennis"]
[Black "Thomassen, Thomas"]
[Result "1-0"]
[WhiteElo "2186"]
[BlackElo "2047"]
[PlyCount "59"]
[EventDate "2007.07.21"]
[EventType "swiss"]
[EventRounds "10"]
[EventCountry "DEN"]
[SourceTitle "CBM 119 Extra"]
[Source "ChessBase"]
[SourceDate "2007.09.04"]
[SourceVersion "1"]
[SourceVersionDate "2007.09.04"]
[SourceQuality "1"]

1. d4 d5 2. Nf3 Nf6 3. c4 c6 4. e3 e6 5. Nc3 Nbd7 6. Bd3 dxc4 7. Bxc4 b5 8. Bd3 Bb7 9. e4 b4 10. Na4 c5 11. e5 Nd5 12. 0-0 Rc8 13. Nxc5 Nxc5 14. dxc5 Bxc5 15. Ng5 Qc7 16. Qf3 a6 17. Qg3 Ne7 18. Re1 Ng6 19. Bd2 Rd8 20. Rad1 Rd5 21. Bc2 Qd7 22. Ne4 Be7 23. Bb3 Rd4 24. Be3 Rxd1 25. Rxd1 Qb5 26. Nf6+ gxf6 27. exf6 Bd8 28. Qd6 Bxf6 29. Ba4 Qxa4 30. Qb8+ 1-0

[Event "Politiken Cup 29th"]
[Site "Copenhagen"]
[Date "2007.07.22"]
[Round "2"]
[White "Thomassen, Thomas"]
[Black "Andreasen, Per Naesby"]
[Result "1/2-1/2"]
[WhiteElo "2047"]
[BlackElo "2244"]
[PlyCount "20"]
[EventDate "2007.07.21"]
[EventType "swiss"]
[EventRounds "10"]
[EventCountry "DEN"]
[SourceTitle "CBM 119 Extra"]
[Source "ChessBase"]
[SourceDate "2007.09.04"]
[SourceVersion "1"]
[SourceVersionDate "2007.09.04"]
[SourceQuality "1"]

1. Nf3 d6 2. d4 Bg4 3. c4 c6 4. Nc3 Nd7 5. e4 e5 6. Be2 Be7 7. 0-0 Ngf6 8. Be3 0-0 9. Nd2 Bxe2 10. Qxe2 Re8 1/2-1/2

[Event "Gausdal Classics Elo op"]
[Site "Gausdal"]
[Date "2007.04.24"]
[Round "7"]
[White "Thomassen, Thomas"]
[Black "Hagen, Anders Gjerdrum"]
[Result "0-1"]
[WhiteElo "1967"]
[BlackElo "1817"]
[PlyCount "80"]
[EventDate "2007.04.18"]
[EventType "swiss"]
[EventRounds "9"]
[EventCountry "NOR"]
[SourceTitle "EXT 2008"]
[Source "ChessBase"]
[SourceDate "2007.11.25"]
[SourceVersion "1"]
[SourceVersionDate "2007.11.25"]
[SourceQuality "1"]

1. Nf3 Nf6 2. c4 e6 3. Nc3 d5 4. d4 Be7 5. g3 dxc4 6. Qa4+ Bd7 7. Qxc4 Bc6 8. Bg2 0-0 9. 0-0 Nbd7 10. Re1 Ne4 11. d5 Nd6 12. Qd3 exd5 13. Nxd5 Nf6 14. Nxe7+ Qxe7 15. Bf4 Rad8 16. Qb3 a6 17. Rad1 Rfe8 18. Bh3 Bd7 19. Bxd6 cxd6 20. Bxd7 Qxd7 21. Rd4 d5 22. Kg2 Rc8 23. Qd3 Qe6 24. h3 Rc5 25. Nh4 Rc4 26. Nf3 Rc5 27. e3 Rec8 28. Rd1 Rc2 29. Rd2 Rc1 30. Ng5 Qe5 31. f4 Qe7 32. Rxd5 g6 33. Re5 Qb4 34. Nf3 Kg7 35. a3 Qa4 36. Re7 R8c2 37. Kf2 Rxd2+ 38. Nxd2 Qd1 39. e4 Rc2 40. Rxf7+ Kxf7 0-1

[Event "Gausdal Classics Elo op"]
[Site "Gausdal"]
[Date "2007.04.19"]
[Round "2"]
[White "Thomassen, Thomas"]
[Black "Haug, Sverre"]
[Result "1-0"]
[WhiteElo "1967"]
[BlackElo "1910"]
[PlyCount "79"]
[EventDate "2007.04.18"]
[EventType "swiss"]
[EventRounds "9"]
[EventCountry "NOR"]
[SourceTitle "EXT 2008"]
[Source "ChessBase"]
[SourceDate "2007.11.25"]
[SourceVersion "1"]
[SourceVersionDate "2007.11.25"]
[SourceQuality "1"]

1. c4 Nf6 2. Nc3 e6 3. e4 d5 4. e5 Nfd7 5. d4 dxc4 6. Bxc4 Nb6 7. Bd3 Bb4 8. Qg4 Kf8 9. Nge2 N8d7 10. Be3 Be7 11. Bf4 g5 12. Be3 Nxe5 13. dxe5 Qxd3 14. Bxg5 Bxg5 15. Qxg5 Bd7 16. Nf4 Qf5 17. Qxf5 exf5 18. 0-0-0 Be6 19. b3 a6 20. Rd3 Ke7 21. Rh3 Rad8 22. Rd1 Rd7 23. Rh6 Rxd1+ 24. Kxd1 Nd7 25. Nfd5+ Kd8 26. f4 b5 27. Kd2 Nf8 28. Nb4 Ng6 29. Ke3 Ke7 30. Nxa6 c6 31. Nc5 Kf8 32. Rh3 Ke7 33. Ne2 Nxe5 34. fxe5 f4+ 35. Nxf4 Bxh3 36. Nxh3 Rd8 37. Nf4 Ra8 38. a4 bxa4 39. bxa4 Kd8 40. Ke4 1-0

[Event "Politiken Cup 28th"]
[Site "Copenhagen"]
[Date "2006.07.26"]
[Round "5"]
[White "Aabling Thomsen, Jakob"]
[Black "Thomassen, Thomas"]
[Result "1-0"]
[WhiteElo "2271"]
[BlackElo "2079"]
[PlyCount "189"]
[EventDate "2006.07.22"]
[EventType "swiss"]
[EventRounds "9"]
[EventCountry "DEN"]
[SourceTitle "CBM 113 Extra"]
[Source "ChessBase"]
[SourceDate "2006.09.14"]
[SourceVersion "1"]
[SourceVersionDate "2006.09.14"]
[SourceQuality "1"]

1. e4 c5 2. Nf3 Nc6 3. Nc3 e5 4. Bc4 Be7 5. d3 Nf6 6. Nd5 0-0 7. Nxe7+ Qxe7 8. Bg5 d6 9. c3 h6 10. Bh4 Be6 11. Qe2 Rfe8 12. h3 a6 13. g4 g5 14. Bg3 d5 15. Bb3 dxe4 16. dxe4 Bxb3 17. axb3 Rad8 18. h4 Nh7 19. hxg5 hxg5 20. Kf1 Qe6 21. Kg2 Qxg4 22. Rh6 Re6 23. Rh2 Nf6 24. Rah1 Kg7 25. Qe3 Nxe4 26. Rh7+ Kf6 27. R1h4 gxh4 28. Rxh4 Qf5 29. Rxe4 Rh8 30. Nh4 Qh7 31. Kf1 Qh5 32. Nf3 Kg7 33. Ke1 Qf5 34. Nh4 Qh5 35. Qxc5 Rd8 36. f3 f5 37. Re2 Qg5 38. Kf1 Rd1+ 39. Re1 Rd2 40. Bf2 Rh6 41. Be3 Qxh4 42. Bxd2 Rg6 43. Ke2 Rg2+ 44. Kd1 Qf2 45. Qd5 f4 46. b4 Kf6 47. Kc1 Rg1 48. Kd1 Rg2 49. Rh1 Rg1+ 50. Rxg1 Qxg1+ 51. Be1 Qf1 52. Qe4 Qh1 53. Kc2 Qh3 54. Kb3 Qe6+ 55. Ka3 Ke7 56. Qh7+ Qf7 57. Bh4+ Ke6 58. Qd3 Qf5 59. Qc4+ Kd7 60. Bf2 Qe6 61. Qe4 Qf7 62. Bb6 Ke8 63. Qd3 Qe6 64. Bc5 Ne7 65. Qh7 Kd7 66. Qg7 Kd8 67. Qf8+ Kd7 68. Qb8 Qd5 69. Qf8 Qe6 70. c4 Nc6 71. Qg7+ Ne7 72. b3 Kd8 73. Qh7 Kd7 74. Qg7 Kd8 75. Bf2 Kd7 76. Bh4 Kd6 77. Qf8 Qd7 78. Bf6 Ke6 79. Bg7 Qd4 80. Qf6+ Kd7 81. Qxe5 Qxe5 82. Bxe5 Ng6 83. Bf6 Ke6 84. Bg5 Kf5 85. Bh6 Ne5 86. Ka4 b6 87. c5 bxc5 88. bxc5 Nc6 89. b4 Ke5 90. b5 axb5+ 91. Kxb5 Nd4+ 92. Kb6 Kd5 93. Bxf4 Nxf3 94. c6 Nd4 95. c7 1-0